[Event "George Trundle Masters"]
[Site "Auckland"]
[Date "2023.04.18"]
[Round "6"]
[White "Wells, Clinton A"]
[Black "Thurner, Anya"]
[Result "1/2-1/2"]
[WhiteElo "1671"]
[BlackElo "1733"]
[PlyCount "71"]
[EventDate "2023.04.12"]
[EventType "tourn"]
[EventRounds "9"]
[EventCountry "NZL"]
[SourceTitle "EXT 2024"]
[Source "ChessBase"]
[SourceDate "2023.10.10"]
[SourceVersion "1"]
[SourceVersionDate "2023.10.10"]
[SourceQuality "1"]

1. c4 e6 2. Nf3 Nf6 3. b3 d5 4. e3 Be7 5. Bb2 0-0 6. Be2 b6 7. Nc3 Bb7 8. h3 c5 9. d3 a6 10. Nb1 Nbd7 11. Nbd2 Qc7 12. 0-0 Rac8 13. Rc1 Qb8 14. d4 Rfd8 15. Qc2 cxd4 16. exd4 dxc4 17. bxc4 b5 18. c5 Nd5 19. Rfe1 Bf6 20. Ne4 Nb4 21. Nxf6+ Nxf6 22. Qb3 a5 23. Qa3 Bxf3 24. Bxf3 Qc7 25. Bc3 Nc6 26. Bxc6 Qxc6 27. Bxa5 Rxd4 28. Bc3 Rd5 29. Bxf6 gxf6 30. Qf3 Rg5 31. Re4 Rg6 32. Rf4 Rg5 33. Rxf6 Qxf3 34. Rxf3 Rgxc5 35. Rxc5 Rxc5 36. Rb3 1/2-1/2

[Event "George Trundle Masters"]
[Site "Auckland"]
[Date "2023.04.16"]
[Round "5"]
[White "McDonald, Duncan"]
[Black "Wells, Clinton A"]
[Result "1-0"]
[WhiteElo "1588"]
[BlackElo "1671"]
[PlyCount "64"]
[EventDate "2023.04.12"]
[EventType "tourn"]
[EventRounds "9"]
[EventCountry "NZL"]
[SourceTitle "EXT 2024"]
[Source "ChessBase"]
[SourceDate "2023.10.10"]
[SourceVersion "1"]
[SourceVersionDate "2023.10.10"]
[SourceQuality "1"]

1. e4 d6 2. d4 c6 3. Nc3 Nf6 4. Bg5 Nbd7 5. Nf3 e5 6. a4 Be7 7. dxe5 dxe5 8. Bc4 0-0 9. Qe2 Qc7 10. 0-0 h6 11. Bh4 Nc5 12. Bg3 Bd6 13. Nh4 Kh7 14. Nf5 Nfxe4 15. Nxe4 Bxf5 16. Nxd6 Qxd6 17. Bxe5 Qg6 18. Bd4 Rfe8 19. Qf3 Ne4 20. Bd3 c5 21. Bxc5 b6 22. Bb4 a5 23. Bc3 Rac8 24. Rfe1 Rc5 25. Bd4 Rd5 26. Bxb6 Qxb6 27. Bxe4 Bxe4 28. Rxe4 Qxb2 29. Rae1 Rde5 30. g3 Qb4 31. Rxe5 Qb7 32. R5e4 Qb1 1-0

[Event "George Trundle Masters"]
[Site "Auckland"]
[Date "2023.04.15"]
[Round "4"]
[White "Wells, Clinton A"]
[Black "Zhu, David Junyang"]
[Result "0-1"]
[WhiteElo "1671"]
[BlackElo "1640"]
[PlyCount "74"]
[EventDate "2023.04.12"]
[EventType "tourn"]
[EventRounds "9"]
[EventCountry "NZL"]
[SourceTitle "EXT 2024"]
[Source "ChessBase"]
[SourceDate "2023.10.10"]
[SourceVersion "1"]
[SourceVersionDate "2023.10.10"]
[SourceQuality "1"]

1. e4 c5 2. Nc3 a6 3. g3 g6 4. Bg2 Bg7 5. d3 Nc6 6. Nge2 e5 7. Be3 Nd4 8. h3 Ne7 9. Qd2 0-0 10. 0-0 d6 11. f4 f5 12. Kh2 Rb8 13. Nd1 Be6 14. Ng1 fxe4 15. dxe4 Bc4 16. Rf2 exf4 17. gxf4 d5 18. c3 dxe4 19. Bxe4 Ne6 20. Qxd8 Rfxd8 21. Nf3 Bd5 22. Bc2 Rf8 23. Ne5 Bxe5 24. fxe5 Nc6 25. Rxf8+ Rxf8 26. Bh6 Rf3 27. Ne3 Nxe5 28. Nxd5 Rf2+ 29. Kg3 Rxc2 30. Re1 Nf7 31. Rxe6 Nxh6 32. Re8+ Kg7 33. Re7+ Nf7 34. Rxb7 Rd2 35. Nf4 Kf6 36. c4 Nd6 37. Nd5+ Rxd5 0-1

[Event "NZL-ch rapid op 130th"]
[Site "Wellington"]
[Date "2023.01.04"]
[Round "2"]
[White "Hague, Ben"]
[Black "Wells, Clinton A"]
[Result "1-0"]
[WhiteElo "2381"]
[BlackElo "1678"]
[PlyCount "55"]
[EventDate "2023.01.04"]
[EventType "swiss (rapid)"]
[EventRounds "9"]
[EventCountry "NZL"]
[SourceTitle "CBM 212 Extra"]
[Source "ChessBase"]
[SourceDate "2023.03.31"]
[SourceVersion "1"]
[SourceVersionDate "2023.03.31"]
[SourceQuality "1"]

1. d4 d6 2. e4 Nf6 3. Nc3 c6 4. f4 Qa5 5. e5 Ne4 6. Qf3 Nxc3 7. Bd2 Qd5 8. Qxc3 Bg4 9. Qe3 dxe5 10. fxe5 h5 11. c4 Qd7 12. h3 Bf5 13. Nf3 g6 14. Qc3 Na6 15. b4 Nc7 16. Be2 Bh6 17. Bxh6 Rxh6 18. 0-0 Ne6 19. Rad1 Nf4 20. Qe3 g5 21. Nxg5 Nxe2+ 22. Qxe2 e6 23. Ne4 Bxe4 24. Qxe4 0-0-0 25. Rf4 Qe7 26. a3 Rg6 27. Rdf1 Rf8 28. Qxg6 1-0

[Event "Wellington op"]
[Site "Wellington"]
[Date "2022.04.17"]
[Round "6"]
[White "Wells, Clinton A"]
[Black "Ker, Anthony F"]
[Result "0-1"]
[WhiteElo "1759"]
[BlackElo "2293"]
[PlyCount "76"]
[EventDate "2022.04.15"]
[EventType "swiss"]
[EventRounds "6"]
[EventCountry "NZL"]
[SourceTitle "EXT 2024"]
[Source "ChessBase"]
[SourceDate "2023.10.10"]
[SourceVersion "1"]
[SourceVersionDate "2023.10.10"]
[SourceQuality "1"]

1. d4 Nf6 2. c4 e6 3. Nf3 Bb4+ 4. Nbd2 b6 5. a3 Bxd2+ 6. Bxd2 h6 7. Bf4 Bb7 8. e3 0-0 9. Be2 d6 10. h3 Nbd7 11. 0-0 Qe7 12. Bh2 Rfd8 13. b4 Ne4 14. Rc1 c5 15. Qb3 Rac8 16. Rfd1 Ng5 17. Nxg5 Qxg5 18. f3 e5 19. bxc5 dxc5 20. d5 Qe7 21. e4 Qd6 22. Rf1 g5 23. Qe3 Kh7 24. Kf2 Nf8 25. h4 f6 26. hxg5 hxg5 27. Rh1 Kg7 28. g3 Ng6 29. f4 Rh8 30. Bg4 Rcf8 31. Be6 exf4 32. gxf4 Rh4 33. Rcg1 Rfh8 34. Bg3 gxf4 35. Bxf4 Rxf4+ 36. Ke2 Rxh1 37. Rxh1 Qe5 38. Qh3 Qxe4+ 0-1

[Event "Henderson Trusts op-B 43rd"]
[Site "Henderson"]
[Date "2021.06.05"]
[Round "1"]
[White "Uta`I, Roy"]
[Black "Wells, Clinton A"]
[Result "0-1"]
[WhiteElo "1441"]
[BlackElo "1844"]
[PlyCount "120"]
[EventDate "2021.06.05"]
[EventType "swiss"]
[EventRounds "6"]
[EventCountry "NZL"]
[SourceTitle "EXT 2024"]
[Source "ChessBase"]
[SourceDate "2023.10.10"]
[SourceVersion "1"]
[SourceVersionDate "2023.10.10"]
[SourceQuality "1"]

1. c4 g6 2. Nc3 Bg7 3. g3 d6 4. d4 c6 5. Bg2 Nf6 6. h3 Nbd7 7. e4 0-0 8. Nf3 e5 9. dxe5 dxe5 10. 0-0 Qc7 11. Be3 Rd8 12. Qc1 Nf8 13. Rd1 Rxd1+ 14. Qxd1 Ne6 15. Qd2 b6 16. Rd1 Bf8 17. Ng5 Be7 18. Nxe6 Bxe6 19. Qe2 Nd7 20. b3 Nf8 21. Nb1 Bf6 22. Nd2 Rd8 23. Nf1 Bd7 24. Nh2 Ne6 25. Ng4 Bg7 26. Qf3 Be8 27. Nf6+ Bxf6 28. Qxf6 Rxd1+ 29. Kh2 Qd6 30. Bh6 Qd8 31. Qxe5 Rd6 32. Qb2 Rd4 33. Be3 Qf6 34. Bxd4 Qxd4 35. Qa3 Qd7 36. f4 c5 37. e5 Nd4 38. Bd5 Qc7 39. Qb2 Bc6 40. Qg2 Qb7 41. h4 Qd7 42. Kg1 Kf8 43. Kh2 Ke7 44. Kg1 Kd8 45. Kh2 Kc7 46. Kg1 Qg4 47. Bxc6 Qd1+ 48. Kh2 Nxc6 49. Qd5 Qxd5 50. cxd5 Nb4 51. d6+ Kd7 52. a3 Nc2 53. a4 Nd4 54. Kh3 Nxb3 55. Kg4 Nd4 56. Kg5 c4 57. Kf6 c3 58. Kxf7 c2 59. Kg7 c1Q 60. Kxh7 Qe1 0-1

[Event "North Island-ch"]
[Site "Wellington"]
[Date "2021.04.05"]
[Round "8"]
[White "Wells, Clinton A"]
[Black "Piwari, Dylan Tama"]
[Result "0-1"]
[WhiteElo "1843"]
[BlackElo "1969"]
[PlyCount "60"]
[EventDate "2021.04.02"]
[EventType "swiss"]
[EventRounds "8"]
[EventCountry "NZL"]
[SourceTitle "EXT 2024"]
[Source "ChessBase"]
[SourceDate "2023.10.10"]
[SourceVersion "1"]
[SourceVersionDate "2023.10.10"]
[SourceQuality "1"]

1. d4 d5 2. c4 c6 3. Nf3 Nf6 4. Bg5 Ne4 5. Bd2 dxc4 6. e3 b5 7. a4 Nxd2 8. Nbxd2 Qb6 9. Ne5 Nd7 10. Nxf7 Kxf7 11. axb5 Nf6 12. Nxc4 Qb8 13. Ne5+ Kg8 14. Bc4+ e6 15. Nxc6 Qd6 16. 0-0 g6 17. Qf3 Kg7 18. Ne5 Qb8 19. Nc6 Qb6 20. Nd8 Rb8 21. Nc6 Bb7 22. Bxe6 Qxb5 23. Rxa7 Ra8 24. Rfa1 Qxb2 25. g4 Qxa1+ 26. Rxa1 Rxa1+ 27. Kg2 h6 28. h4 Bd6 29. h5 Re8 30. Bd5 Ba6 0-1

[Event "NZL-ch Major op"]
[Site "Palmerston North"]
[Date "2021.01.02"]
[Round "1"]
[White "Zhu, David Junyang"]
[Black "Wells, Clinton A"]
[Result "1/2-1/2"]
[WhiteElo "1226"]
[BlackElo "1905"]
[PlyCount "56"]
[EventDate "2021.01.02"]
[EventType "swiss"]
[EventRounds "9"]
[EventCountry "NZL"]
[SourceTitle "EXT 2024"]
[Source "ChessBase"]
[SourceDate "2023.10.10"]
[SourceVersion "1"]
[SourceVersionDate "2023.10.10"]
[SourceQuality "1"]

1. d4 g6 2. Nf3 Bg7 3. g3 d6 4. Bg2 c6 5. c4 Nf6 6. 0-0 0-0 7. Nc3 Qa5 8. e4 Nbd7 9. a3 e5 10. d5 c5 11. Qc2 a6 12. Bd2 Qc7 13. Ne1 Nb6 14. Na4 Nxa4 15. Qxa4 Bd7 16. Qc2 Ne8 17. f4 f5 18. fxe5 Bxe5 19. Bc3 Bg7 20. Bxg7 Nxg7 21. exf5 Nxf5 22. Qd3 Rae8 23. Be4 Qd8 24. Ng2 Qf6 25. Kh1 Qg5 26. Nf4 Kh8 27. Rae1 Ng7 28. Qc3 Bf5 1/2-1/2

[Event "Wellington Easter op"]
[Site "Wellington"]
[Date "2017.04.16"]
[Round "5"]
[White "Wells, Clinton A"]
[Black "Rossiter, Philip E"]
[Result "1/2-1/2"]
[WhiteElo "1932"]
[BlackElo "1772"]
[PlyCount "55"]
[EventDate "2017.04.14"]
[EventType "swiss"]
[EventRounds "6"]
[EventCountry "NZL"]
[SourceTitle "CBM 178 Extra"]
[Source "ChessBase"]
[SourceDate "2017.06.22"]
[SourceVersion "1"]
[SourceVersionDate "2017.06.22"]
[SourceQuality "1"]

1. d4 Nf6 2. Nf3 b6 3. g3 Bb7 4. Bg2 c5 5. 0-0 e6 6. c4 Be7 7. Nc3 cxd4 8. Nxd4 Bxg2 9. Kxg2 Qc8 10. Bg5 Qb7+ 11. Kg1 0-0 12. Rc1 Nc6 13. a3 Rfd8 14. b4 h6 15. Bxf6 Bxf6 16. Ndb5 Bxc3 17. Nd6 Qc7 18. Rxc3 Ne7 19. e4 a5 20. Rf3 Rf8 21. Qd3 axb4 22. axb4 Ng6 23. Qd4 Ra4 24. Rb1 f6 25. Rc3 Rb8 26. f4 Ne7 27. Nb5 Qc6 28. Rd3 1/2-1/2

[Event "Wellington Easter op"]
[Site "Wellington"]
[Date "2017.04.16"]
[Round "6"]
[White "Zhang, Jasmine Haomo"]
[Black "Wells, Clinton A"]
[Result "0-1"]
[WhiteElo "1855"]
[BlackElo "1932"]
[PlyCount "94"]
[EventDate "2017.04.14"]
[EventType "swiss"]
[EventRounds "6"]
[EventCountry "NZL"]
[SourceTitle "CBM 178 Extra"]
[Source "ChessBase"]
[SourceDate "2017.06.22"]
[SourceVersion "1"]
[SourceVersionDate "2017.06.22"]
[SourceQuality "1"]

1. d4 Nf6 2. Nf3 d6 3. Bf4 c5 4. e3 cxd4 5. exd4 Bg4 6. Nbd2 g6 7. Be2 Bg7 8. c3 Nc6 9. h3 Bd7 10. 0-0 a6 11. Re1 0-0 12. Nc4 Nd5 13. Bh2 b5 14. Ne3 Nxe3 15. fxe3 Qb6 16. Nd2 Rfc8 17. Bf3 Ra7 18. Kh1 Na5 19. Qe2 Nc4 20. b3 Nxd2 21. Qxd2 Bc6 22. Bxc6 Qxc6 23. Rac1 Qe4 24. c4 bxc4 25. bxc4 Rb7 26. Qa5 Rb2 27. Rg1 Bh6 28. Rce1 Rxc4 29. Bf4 Kg7 30. Qd8 g5 31. Bxd6 exd6 32. Qxd6 Rcc2 33. Ref1 Qe6 34. Qg3 Rb5 35. Rf3 Rf5 36. Rgf1 Rxf3 37. Rxf3 Rxa2 38. h4 Ra1+ 39. Kh2 Ra5 40. Rf4 Rf5 41. Rg4 Qg6 42. e4 Rf4 43. hxg5 Qh5+ 44. Qh3 Qxg4 45. Qxh6+ Kg8 46. Qxa6 Qh4+ 47. Kg1 Qe1+ 0-1